| 000 | 00460nam a2200181Ia 4500 | ||
|---|---|---|---|
| 008 | 230524s9999 xx 000 0 und d | ||
| 020 | _a9789380578484 | ||
| 082 | _bGUP | ||
| 100 | _aC.B. Gupta | ||
| 245 | 0 | _aAdvance Discrete Structrure | |
| 250 | _a1 | ||
| 260 |
_aNew Delhi _bI.K.International _c2010 |
||
| 300 | _a"XVI,491p;" | ||
| 500 | _aQuantity Number: 1 | ||
| 650 | _aMathamatics | ||
| 700 |
_a S.R. Singh & Sandeep Kumar _942961 |
||
| 942 | _cBK | ||
| 999 |
_c57919 _d57919 |
||